000 00462nam a2200169 i 4500
001 43113
003 ES-MaACL
005 20230906160732.0
007 t|
008 030317s1952 sp ||||1| spa d
100 1 _aCerrillo, F.
_937565
245 1 0 _aDerecho agrario /
_cF. Cerrillo y L. Mendieta.
260 _aBarcelona :
_bBosch,
_c[1952] (
_fClarasó)
300 _a223 p. ;
_c23 cm.
700 1 _aMendieta, L.
_980187
852 _aES-MaACL
_jD-7398
_bR.32155
999 _c43113
_d43113